| 000 | 00627nam a2200193 a 4500 | ||
|---|---|---|---|
| 001 | 000033124 | ||
| 003 | OSt | ||
| 005 | 20240229073938.0 | ||
| 008 | 110817s1932 dr c r 000 0 spa d | ||
| 040 |
_aDO-SdBNP _bspa _cBNPHU |
||
| 082 | 4 |
_a923.17293 _bT866d _222 |
|
| 245 | 0 | 0 |
_aDía del Presidente Trujillo : _boctubre 24 de 1931 |
| 260 |
_aSanto Domingo : _bSíndicato Nacional de Artes Gráficas, _c1932. |
||
| 300 |
_a16 p. : _bil., retrs. ; _c22 cm. |
||
| 590 | _aInventariado, 2018/ YL | ||
| 600 | 1 | 0 |
_aTrujillo Molina, Rafael Leónidas, _d 1891-1961 _976764 |
| 910 | _aValidado. Control de calidad MFF | ||
| 942 |
_2ddc _cLBS1 |
||
| 999 |
_c32615 _d32615 |
||